Quiz rétrospectif : 2024 en revue - Statistiques

Statistiques générales
  • Ce quiz a été pris 1 061 fois
  • Le résultat moyen est 16 sur 24
Statistiques - réponses
Question Réponse % Correct
Ce chef d'État est réélu pour la cinquième fois, alors que son pays mène toujours une guerre en Ukraine. Vladimir Poutine
95%
Président américain qui a échappé à une tentative d'assasinat. Donald Trump
93%
Cinq ans après son incendie, le chantier de ce monument prend fin. Cathédrale Notre-Dame de Paris
84%
Trois Premiers ministres français sont entrés en fonction en 2024. Lesquels ? François Bayrou
84%
Trois Premiers ministres français sont entrés en fonction en 2024. Lesquels ? Gabriel Attal
84%
Candidate démocrate malheureuse face à ce dernier, qui a commencée sa campagne tardivement. Kamala Harris
83%
Athlète toulousain qui rafle quatre médailles d'or sur ses quatre épreuves individuelles. Léon Marchand
83%
Compétition de football remportée par son pays hôte, la Côte d'Ivoire. Coupe d'Afrique des nations
82%
Athlètes qui ont allumés la vasque olympique le 26 juillet. Teddy Riner
80%
Trois Premiers ministres français sont entrés en fonction en 2024. Lesquels ? Michel Barnier
78%
Ce qu'on pu observer des habitants d'Amérique du Nord le 8 avril, avec des protections pour la plupart. Une éclipse solaire totale
78%
Type de catastrophe naturelle qui a fait plus de 200 morts dans la région de Valence. Inondation
73%
Commémoration des 80 ans de cette opération militaire, surnommée "opération Neptune" par les Alliés. Débarquement de Normandie
71%
Organisation dont Ismaël Haniyeh, mort le 31 juillet, était le chef politique. Hamas
67%
Dirigeant qui quitte son pays avec l'arrivée des troupes rebelles à Damas, mettant ainsi fin à 54 ans de règne de sa famille. Bachar al-Assad
62%
Athlètes qui ont allumés la vasque olympique le 26 juillet. Marie-José Pérec
56%
Acteur qu'on surnommait le Guépard, le Samouraï ou Monsieur Klein, mort le 18 août. Alain Delon
52%
Petite ville du Vaucluse qui s'est retrouvée fortement médiatisée avec l'affaire Pelicot. Mazan
46%
Chanson chantée par Céline Dion depuis la Tour Eiffel, marquant son grand retour sur le devant de la scène. L'Hymne à l'amour
43%
Principal opposant de ce dernier, mort en détention en Sibérie le 16 février. Alexeï Navalny
40%
Comment te dire adieu : voilà ce que beaucoup se sont dit à la disparition de cette chanteuse française le 11 juin. Françoise Hardy
36%
Joueur de football américain connu pour une célèbre affaire criminelle, mort le 10 avril. O. J. Simpson
34%
Le président de ce pays meurt dans un crash d'hélicoptère le 19 mai. Iran
32%
Au 1er janvier, cette république caucasienne cesse d'exister et la quasi-totalité de sa population fuit vers l'Arménie. Haut-Karabagh
25%
Aucun quiz correspondant
Distribution des résultats
% des personnes avec chaque résultat
Percentile par nombre de réponses
Votre historique - résultats
Vous n’avez pas pris ce quiz